Crisis management: leading in the new strategy landscape

Guardat en:
Dades bibliogràfiques
Autor principal: CRANDALL, Rick William
Format: Llibre
Idioma:anglès
Publicat: Sage Publications, 2014
Etiquetes: Afegir etiqueta
Sense etiquetes, Sigues el primer a etiquetar aquest registre!

MARC

LEADER 00000nam a22000007a 4500
008 210126b ||||| |||| 00| 0 eng d
020 |a 978-1-4129-9168-1 
100 |a CRANDALL, Rick William. 
245 |a Crisis management:   |b leading in the new strategy landscape  |c William Rick Crandall, John A. Parnell [and] John E. Spillan  |g xvii, 356p.; ill. 
250 |b 2nd ed.  
260 |b Sage Publications,   |c 2014  |h Los Angeles:   |i 693347   |i 693348   |l HD49 .C84  |m Crisis management. 
500 |a “It includes references and index”. 
942 |a lcc  |c BK  |e Adeniran, F. A  |f 26/01/2021 
952 |0 0  |1 0  |2 lcc  |4 0  |6 HD0049 C84  |7 0  |9 1924  |a HOL  |b HOL  |c GJ  |d 2021-01-26  |l 0  |o HD49 .C84  |p 2021-5787  |r 2021-01-26 00:00:00  |w 2021-01-26  |y BK 
952 |0 0  |1 0  |2 lcc  |4 0  |6 HD0049 C84  |7 0  |9 1925  |a HOL  |b MPL  |c GJ  |d 2021-01-26  |l 0  |o HD49 .C84  |p 2021-5788  |r 2021-01-26 00:00:00  |w 2021-01-26  |y BK 
999 |c 1015  |d 1015